000 00424nam a2200181Ia 4500
001 19021
005 20260306171713.0
008 260306s9999||||xx |||||||||||||| ||und||
041 _aESP
082 _a658.8
_bA52
100 _aAmbrosio, Vicente
_eAUT
245 0 _aPlan de marketing paso a paso
260 _c2000
300 _a176 páginas :
_c24 cm.
650 _aGEN
654 _aCAN
942 _cLIB
_dJUS
_fJUS
_2ddc
_n
999 _c19021
_d19021